Human resource management : theory and practice

Αποθηκεύτηκε σε:
Λεπτομέρειες βιβλιογραφικής εγγραφής
Κύριος συγγραφέας: Bratton, John
Άλλοι συγγραφείς: Gold, Jeffrey
Μορφή: Βιβλίο
Γλώσσα:English
Δημοσίευση: Houndmills : Macmillan, 1994
Θέματα:
Ετικέτες: Προσθήκη ετικέτας
Δεν υπάρχουν, Καταχωρήστε ετικέτα πρώτοι!

MARC

LEADER 00000nam a2200000 i 4500
001 1/102459
008 950504s1994 eng d
020 |a 0-333-58877-0 
035 |l 10012512 
040 |a GR-MY-UA  |b gre  |e aacr 
041 0 |a eng 
082 0 |a 658.3128 
100 1 |a Bratton, John. 
245 1 0 |a Human resource management :  |b theory and practice /  |c John Bratton and Jeffrey Gold 
260 |a Houndmills :   |b Macmillan,   |c 1994 
300 |a xvi, 342 p.;  |c 24 cm 
504 |a Includes bibliographical references and index 
650 0 0 |a Personnel management. 
700 1 |a Gold, Jeffrey. 
852 |a INST  |b LESVOS  |e 19950504  |h 658.3128 BRA  |p 005100013408  |q 005100013408  |t BK  |y 0 
909 |a Λ  |b 040617